Responses for Show #9085 - Friday, April 19, 2024

Contestants

[<< previous game]

Molly Fitzpatrick, a writer from Queens, New York

Scott Nations, a financial engineer and option trader from Chicago, Illinois

Marko Saric, a math professor from Chapel Hill, North Carolina (whose 1-day cash winnings total $3,799)

[next game >>]

Jeopardy! Round responses

ANATOMY A TO Z
U.S. GEOGRAPHY
FUN FACTS
ORDINAL PHRASES
BOWLING
SILENCE!
    $200 27
ligaments

Marko
    $200 28
Oklahoma

Molly
    $200 23
bungee jumping

Marko
    $200 29
(Molly: Bring it, please.)

nine-tenths of the law

Molly
    $200 24
strikes

Molly
    $200 30
(Ken: Yes, [*] rights.)

Miranda

Molly
    $400 12
your jaw

Marko
    $400 26
(Ken: Yes, the other river the Raccoon.)

Des Moines

Marko
    $400 22
(Ken: [*], right, you think that's fun?)
(Marko: Eh, it was pretty fun.)

Peeps

Marko
    $400 25
took the Fifth

Scott
    $400 7
the king pin

Scott
    $400 17
(Marko: What is, uh... Big Ben?)

the Leaning Tower of Pisa

MarkoMolly
    $600 1
ovaries

Molly
    $600 16
(Molly: What are the Adirondacks?)

the Appalachians

MarkoMolly
    $600 13
(Marko: That is a fun fact.)

Panda Express

Marko
    $600 9
the seventh house

Molly
    $600 20
(Molly: What is the seam?)

the pocket

ScottMolly
    $600 21
(Ken: In ptarmigan, right.)

P

Marko
    $800 4
tonsils

Marko
    $1,000 2
(Ken: Molly?)
(Molly: What is, uh... the Rio Grande?)

the Gila River

Molly
    $800 14
(Marko: What is... "I Am The Walrus"?)

"Octopus's Garden"

MarkoMolly
    $800 6
breaking the fourth wall

Marko
    $800 10
candlepin bowling

Molly
    $800 18
(Molly: What is "Let's Give Them Something To Talk About"?)

"Our Lips Are Sealed"

Molly
Triple Stumper
    $1000 5
the pharynx

Molly
    $1000 3
Crater Lake

Marko
    $1000 15
Settlers of Catan

Molly
    $1000 8
Twelfth Night

Triple Stumper
    $1000 11
Brunswick

Scott
    $1000 19
The Silence of the Lambs

Molly

Scores at the first commercial break (after clue 15):

Marko Scott Molly
$2,800 $1,400 $3,800

Scores at the end of the Jeopardy! Round:

Marko Scott Molly
$4,800 $2,400 $4,000

Double Jeopardy! Round responses

AFRICAN HISTORY
NOT YOUR EVERYDAY WORDS
ON GUITAR
POETS OF LOVE
PLUMBING
THE DEPTHS
    $400 24
Islam

Marko
    $400 25
a horse

Scott
    $400 29
the Super Bowl Halftime Show

Marko
    $400 30
(Ken: Yeah, we've all been there.)

(Dorothy) Parker

Scott
    $400 27
a plunger

Molly
    $400 17
Java

Marko
    $800 4
ivory

Scott
    $800 19
nosy

Triple Stumper
    $800 20
"Yellow"

Molly
    $800 18
Keats

Triple Stumper
    $800 22
a snake

Marko
    $800 12
sea anemones

Molly
    $1200 6
Darfur

Marko
    $1200 9
laundry (washing clothes)

Scott
    $1200 28
"Let's Go Crazy"

Triple Stumper
    $4,500 2
(Marko: What is intertwine?)

mingle

Marko
    $1200 23
(Scott: What is...)

a tankless water heater

Scott
Triple Stumper
    $1200 16
(Molly: What is scuba diving?)

free diving

ScottMolly
    $1600 7
Timbuktu

Marko
    $1600 5
bask

Marko
    $1600 1
(Ken: Of Dire Straits, right.)

Knopfler

Marko
    $1600 3
(Molly: Who is Horace?)
...
(Ken: Different Roman.)

Virgil

Molly
Triple Stumper
    $1600 11
a sump pump

Marko
    $1600 13
Boaty McBoatface

Molly
    $2000 8
Mau Mau

Marko
    $4,200 10
mint mark

Scott
    $2000 21
(Carrie) Brownstein

Marko
    $2000 15
"Dover Beach"

Marko
    $2000 26
polyethylene

Scott
    $2000 14
a bathymetric map

Triple Stumper

Scores at the end of the Double Jeopardy! Round:

Marko Scott Molly
$15,900 $11,400 $4,800

[wagering suggestions for these scores]

Final Jeopardy! Round responses

COMIC BOOK CHARACTERS
(Ken: [To Molly] That's correct, from Harlequin or Arlecchino.)
...
(Ken: [To Marko] And some little Joker emojis, very nice.)
MollyWho is Harley Quinn
$4,798
ScottWho is Wonder Woman?
$6,901
MarkoWho is Harley Quinn? ♡ ◇
$6,901
Harley Quinn

Final scores:

Marko Scott Molly
$22,801 $4,499 $9,598
2-day champion: $26,600 3rd place: $2,000 2nd place: $3,000

Game dynamics:

Coryat scores:

Marko Scott Molly
$20,400 $9,200 $5,800
23 R,
3 W
(including 1 DD)
11 R
(including 1 DD),
1 W
16 R,
6 W
(including 1 DD)

Combined Coryat: $35,400

[game clues] [game scores] [suggest correction]

Game tape date: 2024-03-13
The J! Archive is created by fans, for fans. Scraping, republication, monetization, and malicious use prohibited; this site may use cookies and collect identifying information. See terms. The Jeopardy! game show and all elements thereof, including but not limited to copyright and trademark thereto, are the property of Jeopardy Productions, Inc. and are protected under law. This website is not affiliated with, sponsored by, or operated by Jeopardy Productions, Inc. Join the discussion at JBoard.tv.